000 00603nam a2200217 a 4500
999 _c10467
_d10467
001 10467
003 BD-JhCC
005 20180430085331.0
008 180430r1960 usa |||| |||| 000 0 eng d
035 _a(BD-JhCC)10467
040 _aBD-JhCC
_dBD-JhCC
041 _aeng
082 _a822.33
_bANT 1960
245 _aAntony and Cleopatra :
_b notes /
_ceditor James L. Roberts
260 _aUSA :
_bCliffi's notes.,
_c1960
300 _a50 p. :
_c19 cm.
504 _aIncludes bibliography
650 _aAntony and Cleopatra (Shakespeare, William)
700 _aRoberts, James L.
942 _2ddc
_cBK